000 01058cam a2200325 4500
008 000000n2002 000 0 eng u
020 _a0419261109
035 _a(Sirsi) u122536
050 _a340.0942
_c18
245 _aDictionary of property and construction law
260 _aLondon
_bSpon Press
_c2002
300 _a199p.
_c23cm.
350 _a19.99
520 _aPaperback edition of this dictionary which aims to provide clear and concise explanations of terms commonly used in construction law, equity and trusts, finance and administration, land law and planning law for professionals in the construction and property industries.
650 _aADMINISTRATION
650 _aBUILDING LAW
650 _aCONSTRUCTION LAW
650 _aEQUITY
650 _aFINANCE
650 _aLAND LAW
650 _aPLANNING LAW
650 _aPROPERTY LAW
650 _aTRUSTS
690 _aLAW
700 _aRostron, Jack
_xEditor
700 _aWright, Linda
700 _aTatham, Laura
700 _aHardy-Pickering, Robert
942 _n0
999 _c102873
_d102873